MIYETTI QUARTERLY LAW REVIEW (Record no. 43656)

MARC details
003 - CONTROL NUMBER IDENTIFIER
control field 43681
005 - DATE AND TIME OF LATEST TRANSACTION
control field 20250930172924.0
008 - FIXED-LENGTH DATA ELEMENTS--GENERAL INFORMATION
fixed length control field 250930b |||||||| |||| 00| 0 eng d
020 ## - INTERNATIONAL STANDARD BOOK NUMBER
International Standard Book Number 2536-7803
040 ## - CATALOGING SOURCE
Transcribing agency Nile University of Nigeria, Abuja
Description conventions rda
050 ## - LIBRARY OF CONGRESS CALL NUMBER
Classification number K 60. M5
082 ## - DEWEY DECIMAL CLASSIFICATION NUMBER
Classification number K 60 M5
245 ## - TITLE STATEMENT
Title MIYETTI QUARTERLY LAW REVIEW
250 ## - EDITION STATEMENT
Edition statement Vol.1{1} 2016/vol.3{1}2018
260 ## - PUBLICATION, DISTRIBUTION, ETC. (IMPRINT)
Place of publication, distribution, etc Abuja
Name of publisher, distributor, etc Miyetti publishers
Date of publication, distribution, etc 2016
264 ## - PUBLICATION, DISTRIBUTION, ETC. (IMPRINT)
Place of publication, distribution, etc Abuja
Name of publisher, distributor, etc Miyetti publishers
Date of publication, distribution, etc 2016
300 ## - PHYSICAL DESCRIPTION
Other physical details ix , 151 pg,. 30 cm
336 ## - CONTENT TYPE
Source rdacontent
338 ## - CARRIER TYPE
Source rdacarrier
942 ## - ADDED ENTRY ELEMENTS (KOHA)
Source of classification or shelving scheme Library of Congress Classification
Koha item type JOURNALS
Holdings
Withdrawn status Lost status Source of classification or shelving scheme Damaged status Not for loan Permanent Location Current Location Shelving location Date acquired Total Checkouts Date last seen Price effective from Koha item type
    Library of Congress Classification     Law Library Law Library Items on shelf 01/12/2016   09/30/2025 09/30/2025 JOURNALS
    Library of Congress Classification     Law Library Law Library Items on shelf 01/12/2016   09/30/2025 09/30/2025 JOURNALS
    Library of Congress Classification     Law Library Law Library Items on shelf 01/12/2016   09/30/2025 09/30/2025 JOURNALS
    Library of Congress Classification     Law Library Law Library Items on shelf 01/12/2016   09/30/2025 09/30/2025 JOURNALS
    Library of Congress Classification     Law Library Law Library Items on shelf 01/12/2016   09/30/2025 09/30/2025 JOURNALS
    Library of Congress Classification     Law Library Law Library Items on shelf 01/12/2016   09/30/2025 09/30/2025 JOURNALS
    Library of Congress Classification     Law Library Law Library Items on shelf 01/12/2016   09/30/2025 09/30/2025 JOURNALS
    Library of Congress Classification     Law Library Law Library Items on shelf 01/12/2016   09/30/2025 09/30/2025 JOURNALS
    Library of Congress Classification     Law Library Law Library Items on shelf 01/12/2016   09/30/2025 09/30/2025 JOURNALS
    Library of Congress Classification     Law Library Law Library Items on shelf 01/12/2016   09/30/2025 09/30/2025 JOURNALS
    Library of Congress Classification     Law Library Law Library Items on shelf 01/12/2016   09/30/2025 09/30/2025 JOURNALS
    Library of Congress Classification     Law Library Law Library Items on shelf 01/12/2016   09/30/2025 09/30/2025 JOURNALS
    Library of Congress Classification     Law Library Law Library Items on shelf 01/12/2016   09/30/2025 09/30/2025 JOURNALS
    Library of Congress Classification     Law Library Law Library Items on shelf 01/12/2016   09/30/2025 09/30/2025 JOURNALS
    Library of Congress Classification     Law Library Law Library Items on shelf 01/12/2016   09/30/2025 09/30/2025 JOURNALS
    Library of Congress Classification     Law Library Law Library Items on shelf 01/12/2016   09/30/2025 09/30/2025 JOURNALS
    Library of Congress Classification     Law Library Law Library Items on shelf 01/12/2016   09/30/2025 09/30/2025 JOURNALS
    Library of Congress Classification     Law Library Law Library Items on shelf 01/12/2016   09/30/2025 09/30/2025 JOURNALS